000 00495nam a22001937a 4500
003 MPLRDC
005 20220104162305.0
008 210129b ||||| |||| 00| 0 eng d
020 _a7-5386-2183-9
082 _a859.4 CHGY v.2
100 _a田甜主编
245 _a梦中的渡渡鸟
_c
250 _a一版一刷
260 _a中国
_b吉林美术出版社
_c2007
300 _b
490 _a彩虹公园系列儿童读物
650 _a儿童故事
942 _cBK
_o859.4 CHGY v.2
999 _c55896
_d55886